000
00324nam a2200133Ia 4500
005
20251222144859.0
008
251222s9999||||xx |||||||||||||| ||spa||
020
_a
9589393020
082
_a
918.002.22/V67
245
4
_a
The Andean Countries by Satellite
250
_a
1ra.ed.
264
_b
Editorial Villegas
942
_c
LIB
999
_c
21897
_d
21897